000 00388cam a2200169ua 4500
020 _c1.25
041 _ahin
_h
082 _a891.43
_bBAL/RA
100 _aBalvath, .
245 _aRani /
_cBalvath.
_hTextual Documents
260 _aVaranasi :
_bHindi Prachar Pusthakalayam ,
_c1964.
300 _a30 ; .
365 _a1.25
504 _a
942 _cBK
999 _c3427
_d3427